Normal view
MARC view
- اللغة العربية-قواعد الاملاء والهجاء-كتابة
Entry Topical Term
001 - CONTROL NUMBER
- control field: 60105
003 - CONTROL NUMBER IDENTIFIER
- control field: JO-AjAnu
005 - DATE AND TIME OF LATEST TRANSACTION
- control field: 20230606083826.0
008 - FIXED-LENGTH DATA ELEMENTS
- fixed length control field: 230606|| aca||aabn | a|a d
040 ## - CATALOGING SOURCE
- Original cataloging agency: JO-AjAnu
- Transcribing agency: JO-AjAnu
150 ## - HEADING--TOPICAL TERM
- Topical term or geographic name entry element: اللغة العربية-قواعد الاملاء والهجاء-كتابة
670 ## - SOURCE DATA FOUND
- Source citation: Work cat.: (JO-AjAnu)30653: تاليف عبيدات،احمد ابراهيم بكار, author 60104, الاطلس الجامع لقواعد الاملاء العربي